| 000 | 01278cab a2200241 4500 | ||
|---|---|---|---|
| 001 | ##L131425 | ||
| 008 | 051103n2005 000 0 eng u | ||
| 035 | _a(Sirsi) u131425 | ||
| 041 | 0 | _aeng | |
| 100 | 1 | _aSydenham, Angela | |
| 245 | 0 | 0 | _aDefects, disrepair and the Landlord and Tenant Act 1985 |
| 260 | 3 | _c2005 | |
| 490 | 0 |
_aEMIS Property Service _v3(10) October 2005,13-15(3 |
|
| 520 | _aConsiders the one exception to the general rule that landlords are only obliged to repair and maintain their buildings if they have expressly covenanted to do so: the statutory obligation in the Landlord and Tenant Act 1985 ss11-12. Discusses the duty to repair. Examines the application of the exception in s11(3) of the Act in "Montoya v Hackney LBC" (unreported, 15 July 2005), a case which illustrates the difficulty of distinguishing between those defects coming within the landlord's liability and those coming within the exception. | ||
| 590 | _aIKA081105 | ||
| 650 | 2 | 4 | _aLANDLORD AND TENANT ACT 1985 SS11-14 |
| 650 | 2 | 4 | _aMONTOYA V HACKNEY LBC |
| 650 | 2 | 4 | _aO'BRIEN V ROBINSON |
| 650 | 2 | 4 | _aQUICK V TAFF ELY BC |
| 650 | 2 | 4 | _aRAVENSEFT PROPERTIES LTD V DAVSTONE HOLDINGS LTD |
| 690 | _aPROPERTY-LEASEHOLD PROPERTY-LANDLORD AND TENANT-DILAPIDATIONS | ||
| 942 | _n0 | ||
| 999 |
_c76075 _d76075 |
||